000 00571cam a22002171 4500
001 agr47000423
003 DLC
005 20260227111007.0
008 890901s1947 ilua 000 0 eng
010 _aagr47000423
035 _a(OCoLC)20293636
040 _aDLC
_cAzU
_dAzU
_dDLC
042 _apremarc
050 0 0 _aS675
_b.C67
100 1 _aCrane, Robert L.
245 1 0 _aFarm labor savers
_ccompiled by Robert L. Crane.
260 _aChicago, Ill.,
_c1947.
300 _av, 116 p.
_billus.
_c23 cm.
500 _aCover title.
650 0 _aAgricultural machinery.
999 _c10738
_d10738